000 00660nam a2200241 i 4500
001 C2-0004289
003 PPAK
005 20190630221818.0
008 970123s1986 my |||| ||||| | may d
020 _a9679750361
040 _aPPAK
_beng
_cPPAK
_erda
082 0 4 _a297.8
_223
090 0 0 _a297.8
_bANN
_dG
100 1 _aAn-Nadwi, Abulhasan Ali,
_eauthor
245 1 0 _aPertentangan iman dengan materialisma
264 1 _aPetaling Jaya, Selangor :
_bPustaka Salam ,
_c1986
300 _a139 pages ;
_c21 cm
336 _2rdacontent
_atext
337 _2rdamedia
_aunmediated
338 _2rdacarrier
_avolume
650 1 0 _aIslamic sects.
942 _ddc
_cB
999 _c1013
_d1013